[Event "2nd European Youth GP 2017"]
[Site "Jermuk"]
[Date "2017.10.06"]
[Round "3"]
[White "Kacharava, Nikolozi"]
[Black "Nesterov, Arseniy"]
[Result "0-1"]
[WhiteElo "2206"]
[BlackElo "2350"]
[Annotator "TA"]
[PlyCount "88"]
[EventDate "2017.??.??"]
[EventType "tourn"]
[EventCountry "ARM"]
[SourceTitle "playchess.com"]
[Source "ChessBase"]
[SourceQuality "1"]

{[%evp 26,88,17,0,0,0,0,0,0,0,1,0,0,0,12,10,16,0,0,0,0,-15,0,-25,-35,-58,-37,-53,-25,-159,-166,-212,-210,-204,-204,-225,-208,-254,-251,-302,-310,-773,-770,-726,-667,-803,-93,-782,-793,-758,-745,-714,-714,-654,-665,-1311,-723,-721,-697,-29972,-29973,-29972,-29974,-29981,-11560]} 1. e4 e5 2. Nf3 Nc6 3. Bc4 Bc5 4. c3 Nf6 5. d3 a6 6. O-O Ba7 7. Nbd2 d6 8. Bb3 O-O 9. h3 Re8 10. Re1 Be6 11. Nf1 h6 12. Ng3 d5 {C54: Giuoco Piano: 4 c3 Nf6, main lines with 5 d4 and 5 d3} (12... Bxb3 13. Qxb3 Qd7 14. Be3 Bxe3 15. Rxe3 d5 16. Rae1 dxe4 17. dxe4 Na5 18. Qc2 Rad8 19. b3 Nc6 20. R3e2 {½-½ (52) Harikrishna,P (2762)-Matlakov,M (2691) Germany 2017}) 13. exd5 Bxd5 14. Ne4 {LiveBook: 3 Games} Nxe4 {The position is equal.} 15. dxe4 Bxb3 16. Qxb3 Qf6 17. Be3 ({Don't go for} 17. Qxb7 $2 Bb6 $19) 17... Bxe3 18. Rxe3 Red8 19. Ree1 b5 $146 ({Predecessor:} 19... Na5) 20. Rad1 Ne7 {[%cal Bc6e7,Be7g6,Bg6f4][%mdl 32]} 21. Qb4 Ng6 22. Qc5 c6 23. Qe3 Nf4 24. Kh2 Qe6 25. Rd2 Rxd2 26. Qxd2 c5 27. Qe3 {[#]} (27. Rd1 $11) 27... Rd8 $1 $40 {[%cal Rd8d3][%mdl 128] White is in trouble.} 28. Ng1 Qxa2 29. Qxc5 Qxb2 30. Nf3 Ne6 31. Qxe5 Qxf2 32. Ra1 Rd3 33. Kh1 $2 (33. Qg3 Qxg3+ 34. Kxg3) 33... Rxf3 $19 34. gxf3 Qxf3+ {[%mdl 4096] Endgame KQR-KQN} 35. Kh2 Qf2+ 36. Kh1 {[#]} Nf4 $1 {[%csl Gf4][%cal Rf2g2]} 37. Ra2 Qxa2 {[%csl Gf4][%cal Ra2g2]} 38. Qb8+ Kh7 {[%csl Gf4][%cal Ra2g2]} 39. Qxf4 {KQ-KQ} Qe6 40. Kg2 a5 {[%cal Ba6a5,Ba5a4,Ba4a3][%mdl 32]} 41. e5 a4 42. Kf2 a3 {Black mates.} 43. Qe4+ Qg6 44. Qa8 Qc2+ {Precision: White = 37%, Black = 91%.} 0-1

[Event "2nd European Youth GP 2017"]
[Site "Jermuk"]
[Date "2017.10.07"]
[Round "4"]
[White "Shevchenko, Kirill"]
[Black "Zarubitski, Viachaslau"]
[Result "1/2-1/2"]
[WhiteElo "2531"]
[BlackElo "2311"]
[Annotator "TA"]
[PlyCount "179"]
[EventDate "2017.??.??"]
[EventType "tourn"]
[EventCountry "ARM"]
[SourceTitle "playchess.com"]
[Source "ChessBase"]
[SourceQuality "1"]

{[%evp 19,179,6,12,18,20,10,14,12,18,19,43,7,42,42,51,47,56,24,26,8,14,17,25,28,42,0,0,0,0,0,0,0,0,0,0,0,0,0,50,50,50,23,50,50,52,52,59,59,59,59,59,59,59,59,59,53,59,50,50,50,50,50,50,50,50,-58,59,59,59,57,59,0,6,0,68,59,70,59,59,66,66,66,66,42,66,59,60,42,42,42,42,42,42,42,42,42,42,0,42,0,42,0,42,0,42,42,42,0,42,0,42,-13,3,-23,-14,-24,0,0,42,0,0,0,14,14,14,14,14,14,14,8,8,8,8,0,8,0,8,8,8,8,9,0,0,0,0,0,0,0,0,0,0,0,0,0,0,0,0,0,0,0,0,0]} 1. d4 d5 {[%cal Bd7d5,Bd5c4][%mdl 32]} 2. c4 c6 3. Nf3 Nf6 4. g3 dxc4 5. Bg2 b5 6. O-O {D11: Slav Defence: 3 Nf3 sidelines and 3...Nf6 4 e3 Bg4} Bb7 7. Ne5 e6 8. b3 cxb3 9. axb3 Nbd7 10. Nc3 a6 {LiveBook: 5 Games} 11. Qc2 ({But not} 11. Bxc6 $2 Bxc6 12. Nxc6 Qc7 $19) 11... Rc8 12. Rd1 Be7 13. Nxd7 $146 ({Predecessor:} 13. Bb2 Qb6 14. Ne4 Nxe5 15. Nxf6+ Bxf6 16. dxe5 {½-½ (31) Melkumyan,H (2678)-Duda,J (2599) Doha 2014}) 13... Qxd7 14. Bg5 O-O 15. Bxf6 Bxf6 16. Ne4 Be7 17. Nc5 Bxc5 18. Qxc5 (18. dxc5 $5 {[%cal Rd1d7]} Qc7 19. Rd6 $11) 18... Rfd8 19. e3 Qd6 20. Rdc1 Qxc5 21. Rxc5 Kf8 22. f4 {[%mdl 1024] White has compensation.} Ke7 23. Kf2 Kd6 24. b4 Kc7 25. g4 Kb6 26. h4 {[%cal Bh2h4,Bh4h5][%mdl 32]} Ra8 27. Ra5 Rd6 28. Rg5 g6 29. Rc5 $36 {[%mdl 2048] White has good play.} Kc7 30. h5 Kd7 31. g5 Ke7 32. Be4 Kf8 33. Rc1 Kg7 34. Rh1 Rg8 35. Raa1 Kf8 36. Rac1 Ke7 37. Rc5 Kd7 38. Rh2 Kc7 39. Kf3 Kb6 40. Ra2 Ra8 41. Ra5 Rh8 42. Rc1 ({Better is} 42. h6 $14) 42... Ra8 ({Black should try} 42... gxh5 $15 43. Rh1 h6 44. Rxh5 Rdd8) 43. Rh1 $14 Rd7 44. Rh2 Rg8 45. Ra1 (45. Ke2 $14) 45... Ra8 $1 $11 46. Ra5 (46. hxg6 $11 hxg6 47. Ra5) 46... Rg8 $1 $14 47. Ke2 Kc7 48. Kd3 Kb6 49. Kc3 Kc7 {White should prevent ...c5.} 50. Bd3 Kb6 51. Raa2 Rgd8 52. Bb1 Kc7 53. hxg6 hxg6 54. Rh7 Rg8 55. Bc2 Kb6 56. Bb3 Bc8 57. Kd3 Kc7 58. Rah2 Bb7 59. Rc2 Kd6 60. Rc1 Kc7 61. Rg1 Bc8 62. Kc3 Bb7 63. Kd3 Bc8 64. Rc1 Bb7 65. Rc5 (65. Ra1 $14) 65... Bc8 66. Kc3 Kb6 67. Bd1 Re7 68. Kd3 Kc7 69. Bf3 Bb7 {The position is equal.} 70. Rh1 Kb6 71. Ke4 a5 72. bxa5+ Kxa5 73. Ke5 {[#] And now Kd6 would win.} Kb6 74. Rhc1 {[%cal Rf3c6]} Rc7 75. Be2 {Strongly threatening Bxb5!} Rd7 76. Bf3 {[%cal Rf3c6]} Rc7 77. Be2 {aiming for Bxb5!} Rd7 78. R5c2 Rh8 79. Bf3 {[%cal Rf3c6]} Rh3 80. Bxc6 Rxe3+ 81. Kf6 Rxd4 82. Kxf7 Rxf4+ 83. Kxg6 b4 {...b3 is the strong threat.} 84. Bxb7 Kxb7 $11 {[%mdl 4096] Endgame KRR-KRR} 85. Rc4 e5 86. Rc7+ Kb6 87. R1c5 b3 88. R7c6+ Kb7 89. Rc7+ Kb6 90. R7c6+ {Precision: White = 59%, Black = 64%.} 1/2-1/2

[Event "2nd European Youth GP 2017"]
[Site "Jermuk"]
[Date "2017.10.07"]
[Round "4"]
[White "Hakobyan, Aram"]
[Black "Gharibyan, Mamikon"]
[Result "1-0"]
[WhiteElo "2457"]
[BlackElo "2346"]
[Annotator "TA"]
[PlyCount "137"]
[EventDate "2017.??.??"]
[EventType "tourn"]
[EventCountry "ARM"]
[SourceTitle "playchess.com"]
[Source "ChessBase"]
[SourceQuality "1"]

{[%evp 13,137,0,0,-12,10,0,0,0,0,0,9,0,46,39,40,45,31,25,56,35,32,37,50,0,119,122,120,115,135,129,125,114,123,85,85,81,159,155,143,137,159,145,156,154,214,225,225,175,213,159,296,229,229,233,225,97,385,385,389,370,389,95,95,95,263,241,240,100,104,112,102,67,67,67,69,73,92,85,95,77,85,82,97,83,87,74,74,74,74,74,75,75,78,70,77,76,79,75,81,86,125,79,139,139,184,184,256,247,239,230,243,238,29965,29968,29981,5002,29982,29983,29983,29984,29984,29985,29985,29986,29986,29987]} 1. d4 Nf6 2. Nf3 d5 3. Bg5 e6 4. e3 h6 5. Bh4 Nbd7 6. Nbd2 Be7 7. Bd3 O-O 8. c4 {D03: 1 d4 d5 2 Nf3 Nf6 3 Bg5, including Torre Attack with early ...d5} (8. O-O b6 9. a4 a5 10. c3 Bb7 11. Qc2 c5 12. Rad1 Rc8 13. Rfe1 Ne8 14. Bg3 Nd6 15. Ne5 Nf6 16. h3 {1-0 (35) Berkes,F (2648)-Aczel,G (2555) Budapest 2017}) 8... dxc4 9. Nxc4 b6 10. O-O {The position is equal.} Bb7 11. Qe2 $146 ({Predecessor:} 11. Rc1 Rc8 12. Nce5 c5 13. Bxf6 Nxf6 14. Qa4 a6 15. Qb3 b5 16. dxc5 Rxc5 17. Rxc5 Bxc5 18. Qc2 Qb6 19. h4 Rd8 20. Rd1 Rc8 {½-½ (21) Novak,A (1838)-Molnar,M (2034) Hungary 2003}) 11... c5 12. Rad1 cxd4 13. Nxd4 Ne4 14. Bxe4 Bxe4 15. Bg3 Qc8 16. Nd6 Bxd6 $1 17. Bxd6 Rd8 18. b4 a6 (18... Nf8 $11 {remains equal.} 19. Bxf8 Rxf8) 19. f3 Bg6 20. Rc1 Qb7 21. Nc6 Re8 22. Rfd1 {Ne7+ is the strong threat.} Nf6 23. e4 Kh7 24. a4 $36 {[%mdl 2048] White has strong initiative.} Rac8 (24... b5 $142) 25. b5 $16 axb5 26. axb5 Ra8 27. Qd2 Ra4 28. Be5 Ng8 (28... Nh5 $16 29. g4 Nf6) 29. Nd8 $18 Qa8 30. Qd7 Re7 31. Qc6 Qa5 (31... Ra2 $16 {might work better.} 32. Qxa8 (32. Qxb6 Bxe4 33. Qe3 Bd5 $16) 32... Rxa8) 32. Bd4 Ra2 33. Bxb6 Qa3 34. Qc3 (34. Qc4 $18 {has better winning chances.}) 34... Qa4 $2 {[%mdl 8192]} (34... Qxc3 $16 35. Rxc3 Rb2) 35. Qc4 Qxc4 36. Rxc4 Rb2 37. Rc5 $2 (37. Bc5 $18 {is the precise move to win.} Rc7 38. Rb4) 37... Nf6 $16 38. Ba5 $1 {Black must now prevent b6.} Bxe4 $2 (38... Rd7 $16 {was necessary.} 39. Rxd7 Nxd7) 39. fxe4 Nxe4 40. Rc4 (40. Rc7 $18 Rxc7 41. Bxc7) 40... Rd7 41. Re1 Rxb5 42. Rcxe4 Rxa5 43. Nc6 Ra2 44. R4e2 Ra4 45. Ne5 Rc7 46. Nf3 g5 47. Rd1 Rf4 48. Ne5 Kg7 49. g3 Ra4 50. Nf3 Ra3 51. Kg2 Rac3 52. Rdd2 R3c5 53. Ne5 Rc3 54. Rf2 R3c5 55. Nd7 Rb5 56. Nf6 Rb8 57. Rde2 Rc6 (57... Kg6 $142 58. Rd2 Ra7) 58. Kh3 Rb4 59. Rd2 e5 (59... Rc5 $142 60. Ne8+ Kf8) 60. Ne8+ $18 Kg6 {[#]} 61. Rd7 $1 {[%cal Rd7f7]} Rb8 62. Nd6 f6 $2 {[#]} (62... e4 $18 63. Nxe4 f5) 63. Nf5 $1 Rc4 64. Rg7+ Kh5 {[#]} 65. g4+ $1 {White mates.} Rxg4 66. Ng3+ Rxg3+ 67. hxg3 {[%csl Gh3][%cal Rg3g4]} f5 68. Rxf5 {[%csl Gh3][%cal Rg3g4]} Rb3 69. Rf6 {Precision: White = 53%, Black = 44%.} 1-0

[Event "2nd European Youth GP 2017"]
[Site "Jermuk"]
[Date "2017.10.07"]
[Round "4"]
[White "Lobanov, Sergei"]
[Black "Kacharava, Nikolozi"]
[Result "0-1"]
[WhiteElo "2457"]
[BlackElo "2206"]
[Annotator "TA"]
[PlyCount "126"]
[EventDate "2017.??.??"]
[EventType "tourn"]
[EventCountry "ARM"]
[SourceTitle "playchess.com"]
[Source "ChessBase"]
[SourceQuality "1"]

{[%evp 17,126,-5,-8,-9,-16,-18,0,-16,0,0,0,-11,-4,-24,-2,-13,2,0,0,0,0,0,0,-60,-67,-62,-75,-102,0,0,0,0,0,0,0,-47,-47,-49,-38,-114,-114,-114,-114,-114,-114,-114,-114,-301,-290,-262,-255,-238,-114,-114,-114,-114,-114,-114,-114,-114,-114,-406,-219,-219,-202,-219,-219,-219,-219,-219,-219,-212,-212,-212,0,-211,-166,-177,-134,-774,-14,-21,-22,-818,-437,-498,-219,-1239,-1094,-6116,-6079,-5898,-5431,-29968,-29972,-29973,-29974,-29973,-29971,-29976,-29977,-29977,-29978,-29979,-29980,-29980,-29981,-29981,-29982,-29981,-29983]} 1. e4 e5 2. Nf3 Nf6 3. Nxe5 d6 4. Nf3 Nxe4 5. c4 Be7 6. d4 Nc6 {C42: Petroff Defence: 3 Nxe5 and unusual White 3rd moves} (6... O-O 7. Bd3 d5 8. O-O Nf6 9. Nc3 dxc4 10. Bxc4 Bg4 11. h3 Bxf3 12. Qxf3 Nc6 13. Rd1 Nxd4 14. Qxb7 c5 15. Bf4 Qd7 16. Qxd7 Nxd7 17. Nd5 Bd8 18. Bd6 Re8 {1-0 (31) Nepomniachtchi,I (2719)-Wang,H (2734) Almaty 2016}) 7. Nc3 Nxc3 8. bxc3 Bf5 9. Be2 O-O {LiveBook: 3 Games} 10. O-O Re8 11. Be3 Qd7 $146 ({Predecessor:} 11... Bg6 12. Qd2 Bf6 13. Rad1 Qd7 {½-½ (41) Gurevich,I (2495)-Howell,J (2445) Hastings 1991}) 12. Nd2 Na5 13. Nb3 Qa4 14. Nxa5 Qxa5 15. Qb3 Rab8 16. a4 Bg6 17. Rfe1 Bg5 18. Bxg5 Qxg5 19. Bf1 {aiming for Qxb7!} Qd2 20. Qxb7 (20. Red1 $11 Qc2 21. Qxc2 Bxc2 22. Rdc1) 20... h6 $15 21. Rxe8+ $1 (21. Qxa7 $2 Rxe1 22. Qxb8+ Kh7 $19) 21... Rxe8 22. Qc6 ({Reject} 22. Qxc7 Qxc3 23. Qd7 Rf8 $11) (22. Qxa7 $2 Qb2 $19) 22... Re7 (22... Re4 $1 $17 23. Qxc7 Rf4 24. Qb8+ Kh7) 23. Qa8+ $11 Kh7 24. Qf3 $1 Re1 25. Rxe1 Qxe1 26. g4 a5 27. h4 Be4 $36 {[%mdl 2048] Black is more active.} 28. Qe3 (28. Qg3 $15) 28... Qxe3 $1 $17 29. fxe3 {[%mdl 4096] Endgame KB-KB} Bc2 30. c5 Bxa4 31. cxd6 cxd6 32. Bc4 $2 (32. Bd3+ $17 g6 33. Kf2) 32... Bc2 $19 33. Kf2 (33. Bxf7 a4 $17) 33... a4 34. Ke2 ({But not} 34. Bxf7 $2 Bb3 $19) 34... Bb3 (34... Kg6 $1 $19 {has better winning chances.} 35. Bd5 a3) 35. Bd3+ $17 Kg8 36. Kd2 a3 37. Kc1 g5 38. hxg5 hxg5 39. e4 $2 {[%mdl 8192] [#]} (39. Kb1 $17 {keeps fighting.}) 39... Kf8 (39... Bd1 $142 $1 {[%mdl 512]} 40. Bf1 (40. Kxd1 $2 a2 $19) 40... Bxg4) 40. Be2 $19 Ke7 41. Kb1 f6 42. Kc1 Ke6 43. Kb1 Kd7 44. Kc1 Ke7 45. Kb1 Kd7 46. Kc1 $1 Kc7 47. Kb1 Kb6 48. Kc1 $2 {[%mdl 8192] [#]} (48. Ka1 $17) 48... Ka5 $2 (48... Ba2 $1 $19 {And now ...Ka5 would win.} 49. Kc2 Ka5) 49. Kb1 $11 Ka4 50. Kc1 $2 {[%mdl 8192]} (50. Ka1 $11) 50... Bf7 {Strongly threatening ...Kb3.} 51. Bd1+ Kb5 (51... Ka5 $142 52. Kc2 Ba2) 52. Kc2 $2 (52. Kb1) 52... Bc4 $19 53. d5 {[#]} Bd3+ $1 {[%mdl 512]} 54. Kb3 (54. Kxd3 a2) 54... Bxe4 55. Be2+ Kc5 {Black mates.} 56. c4 Kd4 57. Kxa3 f5 58. gxf5 Bxf5 59. Kb4 g4 {[%cal Bg5g4,Bg4g3][%mdl 32]} 60. Kb5 g3 61. Bf1 Bd3 62. Bg2 Bxc4+ 63. Kc6 Ke5 {Precision: White = 40%, Black = 60%.} 0-1

[Event "2nd European Youth GP 2017"]
[Site "Jermuk"]
[Date "2017.10.07"]
[Round "4"]
[White "Sargsyan, Shant"]
[Black "Pultinevicius, Paulius"]
[Result "1-0"]
[WhiteElo "2431"]
[BlackElo "2387"]
[Annotator "TA"]
[PlyCount "81"]
[EventDate "2017.??.??"]
[EventType "tourn"]
[EventCountry "ARM"]
[SourceTitle "playchess.com"]
[Source "ChessBase"]
[SourceQuality "1"]

{[%evp 23,81,29,55,39,21,32,59,64,79,72,64,72,75,47,133,132,130,116,108,53,56,64,58,46,41,45,79,39,164,41,155,141,149,163,243,97,295,321,295,310,349,339,328,340,343,305,336,322,337,326,326,331,323,326,328,335,445,443,492,485]} 1. d4 Nf6 2. c4 g6 3. Nc3 Bg7 4. e4 d6 5. Nf3 O-O 6. Be2 e5 7. O-O Nc6 8. Be3 exd4 9. Nxd4 Re8 10. f3 Nh5 11. f4 Nf6 12. Bf3 Bd7 {LiveBook: 7 Games. E94: King's Indian: Classical: 6 Be2 e5 7 0-0: Various Black 7th moves} (12... Ng4 13. Bxg4 Bxg4 {½-½ (13) Ghaem Maghami,E (2570)-Mamedov,R (2639) Arlington 2015}) 13. Nc2 Be6 $146 ({Predecessor:} 13... a5 14. Re1 Nb4 15. Nd4 Qc8 16. h3 Na6 17. Bf2 h6 18. Qd2 Nc5 19. Rad1 Ne6 20. Nc2 {1-0 (61) Pires,M (2234)-Da Silva,L (2193) Nova Odessa 2014}) 14. Qd3 Nd7 {White is slightly better.} 15. b3 f5 16. Rad1 Nf6 17. Nd4 Bd7 18. Nxc6 Bxc6 (18... fxe4 $14 19. Nxe4 (19. Nxd8 exd3 20. Bxb7 Raxd8 $16) 19... bxc6) 19. exf5 $16 gxf5 20. Bd4 Qd7 21. Bxc6 (21. Bxf6 $16 Bxf3 22. Rxf3 Bxf6 23. Nd5) 21... bxc6 $14 22. Rf3 Ne4 23. Rh3 Bxd4+ 24. Qxd4 Qg7 25. Ne2 Rf8 {[#]} ({Black should play} 25... Qg6 $14) 26. Qxg7+ $1 $18 Kxg7 27. Nd4 Kg6 28. Nxc6 a5 {[#]} (28... Rfe8 {was called for.} 29. Rd5 a5) 29. a4 (29. Ne7+ $1 $18 {is more deadly.} Kg7 30. Rd5) 29... Ra6 $2 (29... Rfe8 $16) 30. Ne7+ Kg7 31. Rd5 c6 32. Nxf5+ Kh8 33. Rd4 {And now Ne7 would win.} d5 34. Ne7 Re8 35. Ng6+ Kg7 36. Ne5 ({Not} 36. cxd5 hxg6 37. Re3 cxd5 $11) 36... Nf6 37. cxd5 cxd5 38. Rc3 Re7 39. g4 {[%cal Bg2g4,Bg4g5][%mdl 32]} Rb7 40. g5 Ne4 41. Re3 {Precision: White = 70%, Black = 41%.} 1-0

[Event "2nd European Youth GP 2017"]
[Site "Jermuk"]
[Date "2017.10.07"]
[Round "4"]
[White "Pogosyan, Stefan"]
[Black "Shubin, Kirill"]
[Result "1/2-1/2"]
[WhiteElo "2368"]
[BlackElo "2359"]
[Annotator "TA"]
[PlyCount "90"]
[EventDate "2017.??.??"]
[EventType "tourn"]
[EventCountry "ARM"]
[SourceTitle "playchess.com"]
[Source "ChessBase"]
[SourceQuality "1"]

{[%evp 17,90,-6,0,0,0,-12,0,-14,0,0,9,-6,-2,-9,-8,-11,7,2,0,7,0,-23,-18,-26,-19,-50,-43,-90,-20,-10,0,4,0,0,16,-66,-64,-69,0,-300,-305,-308,-290,-350,-333,-349,-353,-456,-462,-750,-742,-699,-724,-710,-713,-703,-718,-714,-657,-704,-692,-689,-216,-213,-199,-188,0,0,0,0,0,0,0,0,0]} 1. d4 e6 2. c4 Nf6 3. Nc3 Bb4 4. e3 O-O 5. Nge2 d5 6. a3 Be7 7. cxd5 exd5 8. g3 Nbd7 9. Bg2 Nb6 10. O-O {E46: Nimzo-Indian: Rubinstein: 4 e3 0-0 5 Ne2 without early Bd3} Re8 11. b3 a5 12. a4 Bf8 $146 ({Predecessor:} 12... Bb4 13. f3 h6 14. Qd3 Nbd7 15. Nf4 b6 16. Qc2 Bb7 17. Nd3 Bf8 {0-1 (38) Guliev,S (2498)-Iordachescu,V (2644) Nakhchivan 2012}) 13. f3 c5 14. g4 h6 15. h3 Bd7 16. Ba3 Rc8 17. dxc5 Bxc5 18. Bxc5 Rxc5 19. Qd4 Qe7 20. Kf2 Na8 21. h4 {White wants to play g5.} Nc7 22. g5 Nh7 (22... Nh5 $1 $17 23. gxh6 gxh6) 23. f4 $11 Nf8 24. Rac1 Ng6 25. Rh1 {Strongly threatening gxh6.} h5 26. Ng3 (26. Bf3 $11) 26... Bg4 $15 27. Rhe1 {[%cal Rc3d5]} ({But not} 27. Nxd5 $2 Rxd5 $1 {[%mdl 512]} 28. Bxd5 Nxd5 $19) 27... b6 (27... Rc6 $15 28. Nxd5 Nxd5 29. Bxd5 Rd8) 28. e4 $2 {[%mdl 8192]} (28. Nxd5 $11 {and White stays safe.} Nxd5 29. Bxd5) 28... Ne6 $19 ({Less strong is} 28... Nxh4 29. exd5 Qd6 30. Rxe8+ Nxe8 31. Nb5 $11) 29. Qd2 Nexf4 30. exd5 Qd8 {And now ...Rxe1 would win.} 31. Rxe8+ Qxe8 32. Re1 Qc8 33. Nge4 (33. Re3 $142 Nxh4 34. Bh1) 33... Nxg2 34. Kxg2 Nxh4+ 35. Kg3 Nf3 36. Qe3 Nxe1 37. Qxe1 Qb8+ 38. d6 Re5 39. Qd2 Bf5 $2 (39... Bd7 40. Qd4 Qe8) 40. Kf4 Qe8 {[%cal Re5e4]} 41. Qd4 {[#]} Bxe4 $2 (41... Rxe4+ $1 $19 42. Nxe4 Qd7 43. Qxb6 Bg6) 42. Qxe5 $11 {The position is equal.} Qxe5+ 43. Kxe5 Bc6 {White must now prevent ...Kf8.} 44. Nd5 Kf8 45. Nxb6 Ke8 {Precision: White = 51%, Black = 53%.} 1/2-1/2

[Event "2nd European Youth GP 2017"]
[Site "Jermuk"]
[Date "2017.10.07"]
[Round "4"]
[White "Nesterov, Arseniy"]
[Black "Kaasen, Tor Fredrik"]
[Result "1-0"]
[WhiteElo "2350"]
[BlackElo "2371"]
[Annotator "TA"]
[PlyCount "123"]
[EventDate "2017.??.??"]
[EventType "tourn"]
[EventCountry "ARM"]
[SourceTitle "playchess.com"]
[Source "ChessBase"]
[SourceQuality "1"]

{[%evp 31,123,61,60,49,85,85,85,85,85,81,76,75,82,61,78,74,70,73,73,78,88,93,96,89,98,89,105,87,122,120,116,91,135,117,165,165,165,165,174,160,308,323,334,315,337,385,362,388,378,374,332,329,329,329,328,328,329,329,329,329,329,329,760,758,29969,29970,29970,29971,29971,29973,29972,29974,29974,29975,29975,29976,29976,29977,29977,29978,29978,29979,29979,29980,29980,29981,29981,29982,29982,29983,29983,29984,29984,29985]} 1. d4 Nf6 2. c4 c5 3. d5 g6 4. Nc3 Bg7 5. e4 d6 6. Be2 O-O 7. Bg5 e6 8. Qd2 exd5 9. exd5 Re8 10. Nf3 Bg4 11. O-O Nbd7 12. h3 Bxf3 13. Bxf3 a6 14. a4 Qa5 15. Qc2 {E75: King's Indian: Averbakh Variation: 6...c5 7 d5 e6} h6 (15... Re7 16. Bd2 Qc7 17. Rae1 Rae8 18. Rxe7 Rxe7 19. Re1 Rxe1+ 20. Bxe1 Qd8 21. Bd2 Qf8 22. Bd1 Bh6 {½-½ (33) Farago,I (2410)-Nguyen,H (2461) Budapest 2016}) 16. Bd2 Qc7 {LiveBook: 11 Games} 17. Rfe1 {White is slightly better.} Ne5 18. Be2 $146 Re7 19. f4 Ned7 20. Bf3 Rae8 21. Rxe7 Rxe7 22. Re1 Nb6 23. b3 Nc8 24. Rxe7 Nxe7 25. g4 Nc8 26. Qd3 Qd8 27. Kg2 Qe7 28. a5 Nd7 29. Qe2 Qxe2+ 30. Bxe2 Kf8 31. Kf3 Ke7 32. Ne4 Bd4 {[#]} 33. h4 $1 Nf6 34. Ng3 Kf8 35. Bf1 Ne8 (35... h5 $16) 36. Bh3 $18 Ne7 37. f5 Kg7 38. fxg6 fxg6 39. g5 hxg5 40. hxg5 Kf8 41. Bd7 Be5 42. b4 cxb4 43. Bxb4 Ng7 44. Nf1 Ngf5 45. Ne3 Nxe3 46. Kxe3 {[%mdl 4096] Endgame KBB-KBN} Bh2 $2 (46... Nf5+ 47. Ke4 Ne7) 47. Ke4 Kf7 48. c5 {White mates.} dxc5 49. Bxc5 Bg3 {[#]} 50. d6 $1 ({Not} 50. Kf3 Be1 $16) 50... Ng8 51. Kd5 Bf4 52. Be6+ Kg7 53. Bxg8 Kxg8 {KB-KB} 54. d7 Bxg5 55. Ke6 Bd8 56. Bb6 Bg5 57. d8=Q+ Bxd8 58. Bxd8 Kf8 59. Kd7 Kf7 60. Bg5 Kf8 61. Kc7 Ke8 62. Bh4 {Precision: White = 92%, Black = 48%.} 1-0

[Event "2nd European Youth GP 2017"]
[Site "Jermuk"]
[Date "2017.10.07"]
[Round "5"]
[White "Pultinevicius, Paulius"]
[Black "Hakobyan, Aram"]
[Result "1/2-1/2"]
[WhiteElo "2387"]
[BlackElo "2457"]
[Annotator "TA"]
[PlyCount "122"]
[EventDate "2017.??.??"]
[EventType "tourn"]
[EventCountry "ARM"]
[SourceTitle "playchess.com"]
[Source "ChessBase"]
[SourceQuality "1"]

{[%evp 14,122,-10,-29,3,0,18,4,18,18,22,8,11,7,21,-6,55,2,56,0,3,-10,-8,-37,-40,-58,-66,-59,-58,-94,-83,-94,-102,-92,-97,-93,-93,-93,-85,-116,-108,-115,-107,-125,-95,-125,-107,-114,-114,-133,-104,-102,-104,-105,-79,-72,-70,-64,-77,-80,-2,-2,-6,-47,-54,-70,0,0,0,-33,-35,-19,0,0,0,0,0,0,0,0,0,0,0,0,0,-19,0,0,0,0,0,0,0,0,0,0,0,0,0,0,0,0,0,0,10,0,0,0,0,0,0]} 1. b3 g6 2. Bb2 Nf6 3. Nf3 Bg7 4. e3 c5 5. Be2 O-O 6. O-O d5 7. c4 Nc6 8. Ne5 {LiveBook: 3 Partien. A30: Englische Eröffnung (Symmetrische Variante)} Nxe5 9. Bxe5 Bf5 $146 ({Vorgänger:} 9... Be6 10. Nc3 Qd7 11. d3 Rad8 12. Qc1 dxc4 13. dxc4 Bf5 14. Qb2 Qd2 15. Qa3 Ne4 16. Bxg7 Kxg7 17. Nxe4 Bxe4 18. Qxc5 Bxg2 {½-½ (42) Harikrishna,P (2705)-Dominguez Perez,L (2723) Havana 2013}) 10. d3 dxc4 11. bxc4 Qd7 12. Qb3 Rfd8 {[%cal Rf5d3]} 13. Rd1 Qe6 14. Qb2 {Droht e4 und aus.} g5 (14... Bg4 $11 15. f3 Bh5) 15. d4 ({Günstiger ist} 15. Na3 $14) 15... cxd4 (15... Qb6 $1 $11 16. Qxb6 axb6) 16. exd4 (16. Bxd4 $14 Rd7 17. Nc3) 16... Qb6 $36 {[%mdl 2048] Schwarz hat Druck.} 17. Qa3 Ne4 18. Bxg7 Kxg7 19. Nc3 Rxd4 20. Nxe4 Rxe4 21. Rab1 Qf6 22. Bf3 Rxc4 23. Rxb7 g4 24. Be2 Re4 25. Bf1 a6 26. Rb4 Rxb4 27. Qxb4 Rc8 28. Qa3 Rc6 29. Re1 Rd6 30. Qg3 h5 31. Qa3 Bg6 32. Qa5 Rc6 33. Qa3 Rc2 34. Re2 Rc7 35. Re1 $1 Ra7 36. h3 {[#]} e5 (36... gxh3 $1 $17 37. Qxh3 Rc7) 37. hxg4 hxg4 38. Bd3 e4 39. Be2 {[#]} Bf5 (39... e3 $1 $15 {[%mdl 512]} 40. Qxe3 Re7) 40. Qg3 Qe6 41. Bxg4 Bxg4 42. f3 Qb6+ {Die Stellung ist ausgeglichen.} 43. Kh2 Qh6+ 44. Kg1 Qb6+ 45. Kh2 Qh6+ 46. Kg1 Qg6 47. Qxg4 Qxg4 48. fxg4 {[%mdl 4096] Endspiel KT-KT} Re7 49. Rc1 Kf6 50. Rc5 Re5 51. Rc6+ Re6 52. Rc5 Rd6 53. Ra5 Rd2 54. Kh2 Rf2 55. Kg1 Rf4 56. g3 Rf3 {...e3 ist eine echte Drohung.} 57. Kg2 Ke6 58. g5 Rc3 59. Rxa6+ Kf5 60. Rf6+ Kxg5 61. Rxf7 Ra3 {Precision: Weiß = 51%, Schwarz = 61%.} 1/2-1/2